[Event "Stay Safe Play From Home 314"]
[Site "Emanuel Lasker Arena"]
[Date "2020.07.19"]
[Round "8"]
[White "TheCHESSHOUSE"]
[Black "Buzaglo"]
[Result "1-0"]
[WhiteElo "2049"]
[BlackElo "1859"]
[Annotator "NA"]
[PlyCount "71"]
[EventDate "2020.07.19"]
[EventType "swiss (blitz)"]

1. d4 {[%emt 0:00:02]} e6 {[%emt 0:00:00]} 2. c4 {[%emt 0:00:00]} d5 {[%emt 0:00:02]} 3. g3 {[%emt 0:00:01]} Nf6 {[%emt 0:00:01]} 4. Bg2 {[%emt 0:00:01]} c5 {[%emt 0:00:00]} 5. dxc5 {[%emt 0:00:01]} Bxc5 {[%emt 0:00:01]} 6. e3 {[%emt 0:00:01]} O-O {[%emt 0:00:01]} 7. Ne2 {[%emt 0:00:01]} Nc6 {[%emt 0:00:02]} 8. O-O {[%emt 0:00:00]} d4 {[%emt 0:00:01]} 9. exd4 {[%emt 0:00:02]} Nxd4 {[%emt 0:00:00]} 10. Be3 {[%emt 0:00:02]} Nxe2+ {[%emt 0:00:01]} 11. Qxe2 {[%emt 0:00:00]} Bxe3 {[%emt 0:00:01]} 12. Qxe3 {[%emt 0:00:00]} Qa5 {[%emt 0:00:04]} 13. Nc3 {[%emt 0:00:01]} Qb4 {[%emt 0:00:01]} 14. Qe2 {[%emt 0:00:02]} Rb8 {[%emt 0:00:04]} 15. a3 {[%emt 0:00:01]} Qb6 {[%emt 0:00:02]} 16. b4 {[%emt 0:00:01]} Bd7 {[%emt 0:00:01]} 17. c5 {[%emt 0:00:01]} Qd8 {[%emt 0:00:02]} 18. Rfd1 {[%emt 0:00:01]} Qe7 {[%emt 0:00:00]} 19. Ne4 {[%emt 0:00:02]} Nxe4 {[%emt 0:00:02]} 20. Bxe4 {[%emt 0:00:00]} a6 {[%emt 0:00:02]} 21. Qd3 {[%emt 0:00:03]} Bb5 {[%emt 0:00:01]} 22. Bxh7+ {[%emt 0:00:01]} Kh8 {[%emt 0:00:01]} 23. Qc2 {[%emt 0:00:01]} g6 {[%emt 0:00:01]} 24. Bxg6 {[%emt 0:00:01]} fxg6 {[%emt 0:00:00]} 25. Qxg6 {[%emt 0:00:00]} Qg7 {[%emt 0:00:01]} 26. Qxe6 {[%emt 0:00:02]} Rf6 {[%emt 0:00:04]} 27. Qe5 {[%emt 0:00:02]} Rbf8 {[%emt 0:00:03]} 28. Ra2 {[%emt 0:00:01]} Bc4 {[%emt 0:00:02]} 29. Rad2 {[%emt 0:00:02]} Rf5 {[%emt 0:00:02]} 30. Qe4 {[%emt 0:00:03]} Bg8 {[%emt 0:00:04]} 31. f4 {[%emt 0:00:02]} Rxf4 {[%emt 0:00:04]} 32. Qg2 {[%emt 0:00:04]} R4f6 {[%emt 0:00:06]} 33. Rd7 {[%emt 0:00:01]} Qg4 {[%emt 0:00:02]} 34. R7d4 {[%emt 0:00:03]} Qg5 {[%emt 0:00:02]} 35. Rd5 {[%emt 0:00:02]} Qg6 {[%emt 0:00:01]} 36. R5d2 {[%emt 0:00:03] Time (Lag: Av=0.78s, max=1.3s)} 1-0

[Event "Stay Safe Play From Home 314"]
[Site "Emanuel Lasker Arena"]
[Date "2020.07.19"]
[Round "8"]
[White "Trotsky"]
[Black "AChessPlayer"]
[Result "0-1"]
[WhiteElo "1623"]
[BlackElo "2402"]
[PlyCount "48"]
[EventDate "2020.07.19"]
[EventType "swiss (blitz)"]

1. d4 {[%emt 0:00:01]} c6 {[%emt 0:00:01]} 2. e3 {[%emt 0:00:00]} d5 {[%emt 0:00:00]} 3. c4 {[%emt 0:00:01]} Nf6 {[%emt 0:00:01]} 4. Nc3 {[%emt 0:00:01]} e6 {[%emt 0:00:01]} 5. Nf3 {[%emt 0:00:01]} Nbd7 {[%emt 0:00:00]} 6. Qc2 {[%emt 0:00:01]} Bd6 {[%emt 0:00:02]} 7. Bd3 {[%emt 0:00:01]} dxc4 {[%emt 0:00:01]} 8. Bxc4 {[%emt 0:00:01]} b5 {[%emt 0:00:00]} 9. Bd3 {[%emt 0:00:01]} a6 {[%emt 0:00:00]} 10. h4 {[%emt 0:00:01]} Bb7 {[%emt 0:00:01]} 11. Bd2 {[%emt 0:00:01]} c5 {[%emt 0:00:00]} 12. Be4 {[%emt 0:00:02]} Nxe4 {[%emt 0:00:01]} 13. Nxe4 {[%emt 0:00:01]} Be7 {[%emt 0:00:00]} 14. O-O-O {[%emt 0:00:03]} cxd4 {[%emt 0:00:01]} 15. exd4 {[%emt 0:00:02]} Rc8 {[%emt 0:00:00]} 16. Bc3 {[%emt 0:00:01]} b4 {[%emt 0:00:01]} 17. Neg5 {[%emt 0:00:03]} bxc3 {[%emt 0:00:01]} 18. bxc3 {[%emt 0:00:01]} Bxf3 {[%emt 0:00:03]} 19. Nxf3 {[%emt 0:00:04]} Ba3+ {[%emt 0:00:01]} 20. Kd2 {[%emt 0:00:01]} Qa5 {[%emt 0:00:02]} 21. Ke2 {[%emt 0:00:07]} Qb5+ {[%emt 0:00:01]} 22. Ke1 {[%emt 0:00:01]} Rxc3 {[%emt 0:00:01]} 23. Qe4 {[%emt 0:00:03]} Bb4 {[%emt 0:00:02]} 24. Rd2 {[%emt 0:00:04]} Rc1# {[%emt 0:00:01] (Lag: Av=0.63s, max=1.3s)} 0-1

[Event "Stay Safe Play From Home 314"]
[Site "Emanuel Lasker Arena"]
[Date "2020.07.19"]
[Round "9"]
[White "AChessPlayer"]
[Black "NTBT_DHS"]
[Result "1-0"]
[WhiteElo "2402"]
[BlackElo "2514"]
[PlyCount "137"]
[EventDate "2020.07.19"]
[EventType "swiss (blitz)"]

1. e4 {[%emt 0:00:01]} g6 {[%emt 0:00:00]} 2. Nf3 {[%emt 0:00:01]} Bg7 {[%emt 0:00:00]} 3. d4 {[%emt 0:00:00]} d6 {[%emt 0:00:00]} 4. c4 {[%emt 0:00:01]} Nf6 {[%emt 0:00:00]} 5. Nc3 {[%emt 0:00:00]} O-O {[%emt 0:00:00]} 6. Be2 {[%emt 0:00:00]} e5 {[%emt 0:00:00]} 7. O-O {[%emt 0:00:00]} Nc6 {[%emt 0:00:00]} 8. d5 {[%emt 0:00:00]} Ne7 {[%emt 0:00:00]} 9. Ne1 {[%emt 0:00:00]} Nd7 {[%emt 0:00:01]} 10. f3 {[%emt 0:00:00]} f5 {[%emt 0:00:00]} 11. g4 {[%emt 0:00:00]} f4 {[%emt 0:00:00]} 12. h4 {[%emt 0:00:01]} a5 {[%emt 0:00:00]} 13. Bd2 {[%emt 0:00:01]} Nf6 {[%emt 0:00:00]} 14. Nd3 {[%emt 0:00:01]} h5 {[%emt 0:00:01]} 15. g5 {[%emt 0:00:01]} Nd7 {[%emt 0:00:02]} 16. Be1 {[%emt 0:00:01]} b6 {[%emt 0:00:00]} 17. Bf2 {[%emt 0:00:01]} Nb8 {[%emt 0:00:01]} 18. Kh2 {[%emt 0:00:00]} Qd7 {[%emt 0:00:01]} 19. Rh1 {[%emt 0:00:02]} Qh3+ {[%emt 0:00:02]} 20. Kg1 {[%emt 0:00:01]} Qd7 {[%emt 0:00:00]} 21. Bf1 {[%emt 0:00:01]} Na6 {[%emt 0:00:00]} 22. Bh3 {[%emt 0:00:02]} Qd8 {[%emt 0:00:00]} 23. Bxc8 {[%emt 0:00:01]} Qxc8 {[%emt 0:00:00]} 24. Kh2 {[%emt 0:00:01]} Nc5 {[%emt 0:00:00]} 25. Rg1 {[%emt 0:00:01]} Qd7 {[%emt 0:00:02]} 26. b3 {[%emt 0:00:00]} Rf7 {[%emt 0:00:02]} 27. a3 {[%emt 0:00:01]} Rff8 {[%emt 0:00:01]} 28. Qc2 {[%emt 0:00:03]} Rfb8 {[%emt 0:00:02]} 29. b4 {[%emt 0:00:00]} Nb7 {[%emt 0:00:00]} 30. Nb5 {[%emt 0:00:01]} Rc8 {[%emt 0:00:03]} 31. Nc3 {[%emt 0:00:01]} c6 {[%emt 0:00:01]} 32. dxc6 {[%emt 0:00:01]} Nxc6 {[%emt 0:00:03]} 33. Nd5 {[%emt 0:00:01]} Qe6 {[%emt 0:00:05]} 34. Nxb6 {[%emt 0:00:01]} Nd4 {[%emt 0:00:02]} 35. Bxd4 {[%emt 0:00:01]} exd4 {[%emt 0:00:00]} 36. Nxa8 {[%emt 0:00:00]} Rxc4 {[%emt 0:00:02]} 37. Qb3 {[%emt 0:00:01]} d5 {[%emt 0:00:01]} 38. Rac1 {[%emt 0:00:03]} Nd6 {[%emt 0:00:00]} 39. Nb6 {[%emt 0:00:02]} a4 {[%emt 0:00:02]} 40. Qa2 {[%emt 0:00:02]} Nxe4 {[%emt 0:00:05]} 41. Nxc4 {[%emt 0:00:04]} Nc3 {[%emt 0:00:02]} 42. Rxc3 {[%emt 0:00:03]} dxc3 {[%emt 0:00:00]} 43. Nce5 {[%emt 0:00:01]} Kh7 {[%emt 0:00:01]} 44. Qe2 {[%emt 0:00:01]} d4 {[%emt 0:00:01]} 45. Rc1 {[%emt 0:00:01]} Qb3 {[%emt 0:00:01]} 46. Rc2 {[%emt 0:00:00]} Qxa3 {[%emt 0:00:01]} 47. Rc1 {[%emt 0:00:00]} Qb3 {[%emt 0:00:01]} 48. Qe4 {[%emt 0:00:00]} Qe6 {[%emt 0:00:01]} 49. b5 {[%emt 0:00:01]} a3 {[%emt 0:00:01]} 50. Nxg6 {[%emt 0:00:02]} Qxg6 {[%emt 0:00:01]} 51. Qxg6+ {[%emt 0:00:00]} Kxg6 {[%emt 0:00:00]} 52. b6 {[%emt 0:00:00]} a2 {[%emt 0:00:02]} 53. b7 {[%emt 0:00:00]} Bf8 {[%emt 0:00:00]} 54. b8=Q {[%emt 0:00:02]} Ba3 {[%emt 0:00:00]} 55. Qb6+ {[%emt 0:00:02]} Kg7 {[%emt 0:00:01]} 56. Qa7+ {[%emt 0:00:00]} Kg6 {[%emt 0:00:01]} 57. Qxa3 {[%emt 0:00:00]} Kf5 {[%emt 0:00:00]} 58. Qxa2 {[%emt 0:00:00]} c2 {[%emt 0:00:01]} 59. Qd5+ {[%emt 0:00:01]} Kg6 {[%emt 0:00:00]} 60. Qe6+ {[%emt 0:00:00]} Kg7 {[%emt 0:00:01]} 61. Qf6+ {[%emt 0:00:00]} Kh7 {[%emt 0:00:00]} 62. Qh6+ {[%emt 0:00:01]} Kg8 {[%emt 0:00:00]} 63. Qxh5 {[%emt 0:00:01]} Kg7 {[%emt 0:00:01]} 64. Qh6+ {[%emt 0:00:00]} Kg8 {[%emt 0:00:00]} 65. Re1 {[%emt 0:00:00]} Kf7 {[%emt 0:00:00]} 66. Re8 {[%emt 0:00:00]} c1=Q {[%emt 0:00:00]} 67. Qf8+ {[%emt 0:00:01]} Kg6 {[%emt 0:00:00]} 68. Re6+ {[%emt 0:00:00]} Kh5 {[%emt 0:00:00]} 69. Qh6# {[%emt 0:00:00] (Lag: Av=0.91s, max=2.1s)} 1-0

[Event "Stay Safe Play From Home 314"]
[Site "Emanuel Lasker Arena"]
[Date "2020.07.19"]
[Round "9"]
[White "TheCHESSHOUSE"]
[Black "Rogan"]
[Result "1-0"]
[WhiteElo "2058"]
[BlackElo "2208"]
[PlyCount "69"]
[EventDate "2020.07.19"]
[EventType "swiss (blitz)"]

1. d4 {[%emt 0:00:02]} d5 {[%emt 0:00:04]} 2. c4 {[%emt 0:00:01]} c6 {[%emt 0:00:00]} 3. cxd5 {[%emt 0:00:01]} cxd5 {[%emt 0:00:01]} 4. Nc3 {[%emt 0:00:00]} Nf6 {[%emt 0:00:00]} 5. Bf4 {[%emt 0:00:01]} Nc6 {[%emt 0:00:00]} 6. Nf3 {[%emt 0:00:01]} Qb6 {[%emt 0:00:00]} 7. b3 {[%emt 0:00:06]} e5 {[%emt 0:00:02]} 8. dxe5 {[%emt 0:00:02]} Bb4 {[%emt 0:00:00]} 9. Bd2 {[%emt 0:00:01]} d4 {[%emt 0:00:03]} 10. Na4 {[%emt 0:00:03]} Qa5 {[%emt 0:00:05]} 11. exf6 {[%emt 0:00:03]} O-O {[%emt 0:00:02]} 12. e3 {[%emt 0:00:02]} Bg4 {[%emt 0:00:02]} 13. Be2 {[%emt 0:00:01]} dxe3 {[%emt 0:00:02]} 14. fxe3 {[%emt 0:00:01]} Rad8 {[%emt 0:00:02]} 15. a3 {[%emt 0:00:10]} Bxd2+ {[%emt 0:00:03]} 16. Nxd2 {[%emt 0:00:01]} Bxe2 {[%emt 0:00:02]} 17. Qxe2 {[%emt 0:00:01]} Ne5 {[%emt 0:00:02]} 18. b4 {[%emt 0:00:02]} Qxa4 {[%emt 0:00:03]} 19. O-O {[%emt 0:00:01]} Qc2 {[%emt 0:00:01]} 20. Rad1 {[%emt 0:00:02]} Qd3 {[%emt 0:00:05]} 21. Qh5 {[%emt 0:00:02]} Qg6 {[%emt 0:00:01]} 22. Qxe5 {[%emt 0:00:01]} Rfe8 {[%emt 0:00:00]} 23. Qf4 {[%emt 0:00:01]} gxf6 {[%emt 0:00:01]} 24. Nf3 {[%emt 0:00:04]} Rxd1 {[%emt 0:00:01]} 25. Rxd1 {[%emt 0:00:01]} Kg7 {[%emt 0:00:02]} 26. Nh4 {[%emt 0:00:01]} Qg5 {[%emt 0:00:01]} 27. Nf5+ {[%emt 0:00:02]} Kh8 {[%emt 0:00:01]} 28. Qf3 {[%emt 0:00:01]} h6 {[%emt 0:00:03]} 29. Rf1 {[%emt 0:00:01]} Re6 {[%emt 0:00:02]} 30. h4 {[%emt 0:00:01]} Qg6 {[%emt 0:00:01]} 31. Qf4 {[%emt 0:00:01]} h5 {[%emt 0:00:01]} 32. Rf3 {[%emt 0:00:01]} Rxe3 {[%emt 0:00:01]} 33. Rxe3 {[%emt 0:00:01]} Qg4 {[%emt 0:00:00]} 34. Qh6+ {[%emt 0:00:01]} Kg8 {[%emt 0:00:00]} 35. Re8# {[%emt 0:00:00] (Lag: Av=0.68s, max=1.3s)} 1-0

[Event "Stay Safe Play From Home 314"]
[Site "Emanuel Lasker Arena"]
[Date "2020.07.19"]
[Round "9"]
[White "ionelluca"]
[Black "Trotsky"]
[Result "1-0"]
[WhiteElo "1955"]
[BlackElo "1623"]
[Annotator "NA"]
[PlyCount "79"]
[EventDate "2020.07.19"]
[EventType "swiss (blitz)"]

1. e4 {[%emt 0:00:01]} c5 {[%emt 0:00:02]} 2. b4 {[%emt 0:00:01]} e6 {[%emt 0:00:02]} 3. bxc5 {[%emt 0:00:01]} Bxc5 {[%emt 0:00:01]} 4. d4 {[%emt 0:00:00]} Be7 {[%emt 0:00:01]} 5. c3 {[%emt 0:00:01]} d6 {[%emt 0:00:01]} 6. Bd3 {[%emt 0:00:01]} Nc6 {[%emt 0:00:02]} 7. Nf3 {[%emt 0:00:01]} Qc7 {[%emt 0:00:01]} 8. h3 {[%emt 0:00:01]} h6 {[%emt 0:00:01]} 9. O-O {[%emt 0:00:01]} b6 {[%emt 0:00:01]} 10. Re1 {[%emt 0:00:01]} Bb7 {[%emt 0:00:01]} 11. Nbd2 {[%emt 0:00:00]} O-O-O {[%emt 0:00:01]} 12. Nb3 {[%emt 0:00:01]} Nf6 {[%emt 0:00:01]} 13. Bd2 {[%emt 0:00:01]} Kb8 {[%emt 0:00:01]} 14. a4 {[%emt 0:00:01]} g5 {[%emt 0:00:03]} 15. a5 {[%emt 0:00:01]} d5 {[%emt 0:00:02]} 16. axb6 {[%emt 0:00:01]} Qxb6 {[%emt 0:00:01]} 17. e5 {[%emt 0:00:01]} Nd7 {[%emt 0:00:04]} 18. Nc5 {[%emt 0:00:02]} a5 {[%emt 0:00:02]} 19. Nxd7+ {[%emt 0:00:02]} Rxd7 {[%emt 0:00:01]} 20. Be3 {[%emt 0:00:01]} f6 {[%emt 0:00:01]} 21. c4 {[%emt 0:00:01]} fxe5 {[%emt 0:00:01]} 22. cxd5 {[%emt 0:00:01]} exd5 {[%emt 0:00:01]} 23. dxe5 {[%emt 0:00:01]} Qc7 {[%emt 0:00:03]} 24. e6 {[%emt 0:00:01]} Rdd8 {[%emt 0:00:03]} 25. Nd4 {[%emt 0:00:01]} Bd6 {[%emt 0:00:02]} 26. Nb5 {[%emt 0:00:01]} Qe7 {[%emt 0:00:02]} 27. Nxd6 {[%emt 0:00:01]} Qxd6 {[%emt 0:00:01]} 28. Bb6 {[%emt 0:00:01]} Rdg8 {[%emt 0:00:02]} 29. e7 {[%emt 0:00:04]} Nxe7 {[%emt 0:00:02]} 30. Bxa5 {[%emt 0:00:03]} h5 {[%emt 0:00:01]} 31. Rxe7 {[%emt 0:00:03]} Qxe7 {[%emt 0:00:02]} 32. Bb6 {[%emt 0:00:01]} Qd6 {[%emt 0:00:02]} 33. Ba7+ {[%emt 0:00:01]} Kc7 {[%emt 0:00:02]} 34. Qc1+ {[%emt 0:00:02]} Kd7 {[%emt 0:00:01]} 35. Bb5+ {[%emt 0:00:01]} Ke6 {[%emt 0:00:01]} 36. Qe3+ {[%emt 0:00:01]} Kf6 {[%emt 0:00:02]} 37. Bd4+ {[%emt 0:00:01]} Kg6 {[%emt 0:00:01]} 38. Bd3+ {[%emt 0:00:03]} Kh6 {[%emt 0:00:01]} 39. h4 {[%emt 0:00:01]} Rg7 {[%emt 0:00:02]} 40. Bxg7+ {[%emt 0:00:03] . Âðåìÿ '} 1-0

[Event "Stay Safe Play From Home 314"]
[Site "Emanuel Lasker Arena"]
[Date "2020.07.19"]
[Round "9"]
[White "Buzaglo"]
[Black "Schachwerk_64"]
[Result "1-0"]
[WhiteElo "1851"]
[BlackElo "1909"]
[Annotator "NA"]
[PlyCount "59"]
[EventDate "2020.07.19"]
[EventType "swiss (blitz)"]

1. d4 {[%emt 0:00:01]} Nc6 {[%emt 0:00:02]} 2. Nf3 {[%emt 0:00:00]} d5 {[%emt 0:00:01]} 3. g3 {[%emt 0:00:00]} Bg4 {[%emt 0:00:01]} 4. Bg2 {[%emt 0:00:00]} f6 {[%emt 0:00:03]} 5. O-O {[%emt 0:00:02]} Qd7 {[%emt 0:00:01]} 6. c4 {[%emt 0:00:01]} e6 {[%emt 0:00:01]} 7. cxd5 {[%emt 0:00:01]} exd5 {[%emt 0:00:00]} 8. Nc3 {[%emt 0:00:00]} O-O-O {[%emt 0:00:05]} 9. Bf4 {[%emt 0:00:01]} Bh3 {[%emt 0:00:01]} 10. Nb5 {[%emt 0:00:01]} Bd6 {[%emt 0:00:05]} 11. Nxd6+ {[%emt 0:00:03]} cxd6 {[%emt 0:00:00]} 12. Rc1 {[%emt 0:00:02]} g5 {[%emt 0:00:02]} 13. Bd2 {[%emt 0:00:02]} h5 {[%emt 0:00:01]} 14. b4 {[%emt 0:00:02]} Kb8 {[%emt 0:00:04]} 15. b5 {[%emt 0:00:01]} Nxd4 {[%emt 0:00:03]} 16. Nxd4 {[%emt 0:00:01]} h4 {[%emt 0:00:01]} 17. Bxd5 {[%emt 0:00:04]} hxg3 {[%emt 0:00:02]} 18. fxg3 {[%emt 0:00:02]} Bxf1 {[%emt 0:00:03]} 19. Qxf1 {[%emt 0:00:01]} Ne7 {[%emt 0:00:02]} 20. Bg2 {[%emt 0:00:02]} Ng6 {[%emt 0:00:09]} 21. Ne6 {[%emt 0:00:01]} Rde8 {[%emt 0:00:02]} 22. Nd4 {[%emt 0:00:06]} Ne5 {[%emt 0:00:01]} 23. Nf5 {[%emt 0:00:01]} Ng4 {[%emt 0:00:01]} 24. h3 {[%emt 0:00:02]} Re5 {[%emt 0:00:03]} 25. Qf3 {[%emt 0:00:00]} Qh7 {[%emt 0:00:01]} 26. hxg4 {[%emt 0:00:03]} Qh2+ {[%emt 0:00:02]} 27. Kf2 {[%emt 0:00:00]} Rxf5 {[%emt 0:00:02]} 28. Bf4 {[%emt 0:00:03]} Rxf4 {[%emt 0:00:01]} 29. gxf4 {[%emt 0:00:02]} gxf4 {[%emt 0:00:00]} 30. Qxb7# {[%emt 0:00:01] (Lag: Av=0.51s, max=1.0s)} 1-0